[Event "London Classic Open 2015"]
[Site "London ENG"]
[Date "2015.12.06"]
[Round "4.8"]
[White "Bok, Benjamin"]
[Black "Cherniaev, Alexander"]
[Result "1-0"]
[WhiteTitle "GM"]
[BlackTitle "GM"]
[WhiteElo "2594"]
[BlackElo "2441"]
[WhiteFideId "1017063"]
[BlackFideId "4117301"]
[EventDate "2015.12.04"]

1. d4 Nf6 2. c4 c5 3. d5 b5 4. cxb5 a6 5. bxa6 g6 6. Nc3 Bg7 7. e4 O-O 8. a7
Rxa7 9. Nf3 Qa5 10. Bd2 Qb6 11. Be2 Ba6 12. O-O d6 13. a4 Nbd7 14. Bxa6 Rxa6 15.
Qc2 Ne8 16. Bg5 f6 17. Be3 Nc7 18. Rfb1 Qb7 19. b4 cxb4 20. Na2 f5 21. Rxb4 Qa8
22. Qxc7 Bxa1 23. Qxd7 1-0

[Event "London Classic Open 2015"]
[Site "London ENG"]
[Date "2015.12.06"]
[Round "4.9"]
[White "Hawkins, Jonathan"]
[Black "Roberson, Peter T"]
[Result "1-0"]
[WhiteTitle "GM"]
[BlackTitle "IM"]
[WhiteElo "2569"]
[BlackElo "2407"]
[WhiteFideId "412686"]
[BlackFideId "412384"]
[EventDate "2015.12.04"]

1. d4 Nf6 2. c4 e6 3. Nc3 Bb4 4. Qc2 b6 5. e4 c5 6. e5 cxd4 7. a3 Bxc3+ 8. bxc3
Ng8 9. cxd4 Bb7 10. Nf3 Ne7 11. Bd3 Bxf3 12. gxf3 Nbc6 13. Be3 Rc8 14. Rg1 Ng6
15. Rg4 d6 16. f4 dxe5 17. fxe5 Ncxe5 18. dxe5 Nxe5 19. Qa4+ Kf8 20. Be2 Nxg4
21. Bxg4 h5 22. Be2 Qe7 23. Rd1 Rc7 24. Bxb6 axb6 25. Qa8+ Qe8 26. Rd8 Ke7 27.
Rxe8+ Rxe8 28. Qa4 Rd8 29. Qb5 Rd6 30. Qg5+ Kf8 31. Qxh5 g6 32. Qe5 Ke7 33. Qg5+
Ke8 34. Qe3 Rc5 35. Kf1 Ke7 36. f4 Rf5 37. Kg2 Kf6 38. Bf3 Rc5 39. Qc3+ Ke7 40.
Kg3 Ra5 41. Qb4 Kd7 42. Kf2 Ke7 43. Bc6 Rc5 44. Bb5 e5 45. a4 exf4 46. a5 Rh5
47. axb6 Ke6 48. c5 Rxh2+ 49. Kg1 Rdd2 50. Qe4+ 1-0

[Event "London Classic Open 2015"]
[Site "London ENG"]
[Date "2015.12.06"]
[Round "4.10"]
[White "Martins, David Pires Tavares"]
[Black "Dragun, Kamil"]
[Result "1/2-1/2"]
[WhiteTitle "FM"]
[BlackTitle "GM"]
[WhiteElo "2372"]
[BlackElo "2564"]
[WhiteFideId "1909991"]
[BlackFideId "1134167"]
[EventDate "2015.12.04"]

1. Nf3 Nf6 2. b3 d6 3. d4 g6 4. Bb2 Bg7 5. e3 O-O 6. Be2 b6 7. O-O Bb7 8. c4
Nbd7 9. Nbd2 e6 10. Qc2 c5 11. Rad1 Rc8 12. Qb1 Qc7 13. Qa1 Qb8 14. dxc5 bxc5
15. Rfe1 Rfd8 16. Nb1 Ne8 17. Bxg7 Nxg7 18. Rd2 e5 19. Red1 Nf6 20. Nc3 a6 21.
Qb1 Ne6 22. Rb2 Qa8 23. Rbd2 Qb8 24. Rb2 Qa8 25. Rbd2 Qb8 1/2-1/2

[Event "London Classic Open 2015"]
[Site "London ENG"]
[Date "2015.12.06"]
[Round "4.11"]
[White "Rambaldi, Francesco"]
[Black "Williams, Simon K"]
[Result "1-0"]
[WhiteTitle "GM"]
[BlackTitle "GM"]
[WhiteElo "2560"]
[BlackElo "2439"]
[WhiteFideId "20657307"]
[BlackFideId "404454"]
[EventDate "2015.12.04"]

1. e4 c5 2. Nf3 d6 3. Bb5+ Nc6 4. O-O Bd7 5. Re1 Nf6 6. c3 a6 7. Bf1 e5 8. d4
cxd4 9. cxd4 Bg4 10. d5 Nd4 11. Be3 Nxf3+ 12. gxf3 Bd7 13. a4 Be7 14. Qb3 O-O
15. Qxb7 Rb8 16. Qxa6 Nh5 17. Nd2 f5 18. Nc4 fxe4 19. fxe4 Bc8 20. Qa7 Rb7 21.
Qa5 Qe8 22. Bg2 Qg6 23. Kh1 Bh4 24. Rf1 Rbf7 25. Qb6 Rf6 26. a5 Qg4 27. f3 Rxf3
28. Nd2 Bd8 29. Qxd6 Rxf1+ 30. Rxf1 Nf4 31. Bxf4 exf4 32. Nf3 Bxa5 33. e5 Bf5
34. e6 Qh5 35. e7 Re8 36. b4 Bd3 37. Re1 1-0

[Event "London Classic Open 2015"]
[Site "London ENG"]
[Date "2015.12.06"]
[Round "4.12"]
[White "Baron, Tal"]
[Black "Korley, Kassa"]
[Result "1-0"]
[WhiteTitle "GM"]
[BlackTitle "IM"]
[WhiteElo "2544"]
[BlackElo "2389"]
[WhiteFideId "2809958"]
[BlackFideId "2033801"]
[EventDate "2015.12.04"]

1. e4 e5 2. Nf3 Nc6 3. Bb5 a6 4. Ba4 Nf6 5. O-O Be7 6. Re1 b5 7. Bb3 d6 8. c3
O-O 9. d4 Bg4 10. Be3 exd4 11. cxd4 d5 12. e5 Ne4 13. h3 Bh5 14. Nbd2 Nxd2 15.
Qxd2 Bxf3 16. Qc3 Bxg2 17. Kxg2 Nb8 18. Kh2 c5 19. dxc5 Nc6 20. Rad1 b4 21. Qd3
d4 22. Qe4 Rc8 23. Rg1 dxe3 24. Rxd8 1-0

[Event "London Classic Open 2015"]
[Site "London ENG"]
[Date "2015.12.06"]
[Round "4.13"]
[White "Cox, John J"]
[Black "Hillarp Persson, Tiger"]
[Result "1-0"]
[WhiteTitle "IM"]
[BlackTitle "GM"]
[WhiteElo "2342"]
[BlackElo "2521"]
[WhiteFideId "401064"]
[BlackFideId "1700812"]
[EventDate "2015.12.04"]

1. c4 e5 2. g3 c6 3. d4 e4 4. Nh3 d5 5. Nc3 Bb4 6. Qb3 Ba5 7. Bg5 Qb6 8. cxd5 h6
9. Bd2 Nf6 10. dxc6 Nxc6 11. Qxb6 axb6 12. Nb5 Bxd2+ 13. Kxd2 Ra5 14. a4 Ke7 15.
Bg2 Rxb5 16. axb5 Nxd4 17. Ra4 Rd8 18. Rb1 Bg4 19. Ke1 Nc2+ 20. Kf1 Rd2 21. Ng1
Bf5 22. Rc1 e3 23. Nf3 Rd8 24. Ne1 Nd4 25. fxe3 Nxb5 26. Rb4 Nd6 27. Rxb6 Ng4
28. Kg1 Nxe3 29. Bf3 Nec4 30. Rb4 b5 31. Nc2 Bxc2 32. Rxc2 Rd7 33. Kf2 Ra7 34.
b3 Ne5 35. Rd4 f6 36. Rcd2 Ra6 37. Rc2 Ra7 38. Rdd2 g5 39. Ra2 Rd7 40. Ke1 g4
41. Bd5 Rc7 42. Rdc2 Rd7 43. Rd2 Rc7 44. Rdc2 Rd7 45. Ra6 h5 46. Rc5 Kf8 47. b4
Ke7 48. Ra8 Nf5 49. Rh8 Ne3 50. Bb3 Kd6 51. Kf2 N3c4 52. Rxb5 Ra7 53. Rc5 Nb6
54. Rh6 Ned7 55. Ra5 Rc7 56. Ba4 Rc3 57. Bxd7 Nxd7 58. Ra6+ Kd5 59. Rxh5+ 1-0

[Event "London Classic Open 2015"]
[Site "London ENG"]
[Date "2015.12.06"]
[Round "4.14"]
[White "Vishnu Prasanna, V"]
[Black "Guramishvili, Sopiko"]
[Result "1-0"]
[WhiteTitle "GM"]
[BlackTitle "IM"]
[WhiteElo "2514"]
[BlackElo "2368"]
[WhiteFideId "5030692"]
[BlackFideId "13602888"]
[EventDate "2015.12.04"]

1. c4 Nf6 2. Nc3 g6 3. e4 d6 4. d4 Bg7 5. h3 O-O 6. Nf3 e5 7. d5 Nh5 8. g3 Na6
9. Be2 f5 10. exf5 gxf5 11. Bg5 Nf6 12. g4 Nc5 13. gxf5 Bxf5 14. Nh4 Qd7 15. Rg1
Kh8 16. Be3 Nfe4 17. Nxe4 Bxe4 18. Rg4 Bf5 19. Nxf5 Qxf5 20. Qb1 Qxb1+ 21. Rxb1
Nd7 22. Kd2 a6 23. Rbg1 Bf6 24. Kc2 Rf7 25. h4 Rg7 26. h5 c6 27. Rxg7 Bxg7 28.
h6 Bf6 29. dxc6 bxc6 30. Bf3 Rc8 31. Bg4 Rg8 32. f3 Nf8 33. Bc8 Ng6 34. Bxa6 Rb8
35. Rb1 Nh4 36. b4 Nf5 37. Bf2 Nxh6 38. b5 c5 39. b6 Bd8 40. b7 Nf5 41. Kd3 Kg7
42. Ke4 Kf6 43. Rh1 Kg6 44. Rg1+ Kf6 45. Rg8 Bc7 46. Rc8 d5+ 47. Kxd5 1-0

[Event "London Classic Open 2015"]
[Site "London ENG"]
[Date "2015.12.06"]
[Round "4.15"]
[White "Sadzikowski, Daniel"]
[Black "Gulamali, Kazim"]
[Result "1-0"]
[WhiteTitle "IM"]
[BlackTitle "FM"]
[WhiteElo "2506"]
[BlackElo "2379"]
[WhiteFideId "1132253"]
[BlackFideId "2024764"]
[EventDate "2015.12.04"]

1. e4 c5 2. Nf3 d6 3. d4 cxd4 4. Nxd4 Nf6 5. Nc3 a6 6. Be2 e6 7. f4 Qc7 8. O-O
Nc6 9. Be3 Be7 10. Kh1 O-O 11. Qe1 Nxd4 12. Bxd4 b5 13. Qg3 Bb7 14. a3 Rad8 15.
Rae1 Bc6 16. Bf3 Qb7 17. Re2 a5 18. Rfe1 b4 19. Nd5 Kh8 20. Bxf6 Bxf6 21. Nxf6
gxf6 22. Qh4 Qe7 23. Re3 Rg8 24. axb4 axb4 25. e5 Bxf3 26. Rxf3 Rg6 27. f5 exf5
28. exd6 Qb7 29. Rd1 Qc6 30. Qxb4 Qxc2 31. Qd2 1-0

[Event "London Classic Open 2015"]
[Site "London ENG"]
[Date "2015.12.06"]
[Round "4.16"]
[White "Lahtela, Silvo"]
[Black "Hector, Jonny"]
[Result "1-0"]
[BlackTitle "GM"]
[WhiteElo "2236"]
[BlackElo "2499"]
[WhiteFideId "4634276"]
[BlackFideId "1700090"]
[EventDate "2015.12.04"]

1. d4 d5 2. c4 c6 3. Nc3 e5 4. dxe5 d4 5. Ne4 Qa5+ 6. Bd2 Qxe5 7. Ng3 Nf6 8. Nf3
Qd6 9. Qc2 Be7 10. O-O-O c5 11. e3 Nc6 12. Bc3 dxc3 13. Rxd6 cxb2+ 14. Qxb2 Bxd6
15. Bd3 O-O 16. Rd1 Rd8 17. Bf5 Bxg3 18. Rxd8+ Nxd8 19. Bxc8 Bxf2 20. Qxf2 Rxc8
21. Ne5 h5 22. h3 Rc7 23. Qd2 Ne6 24. g4 hxg4 25. hxg4 Nh7 26. Qd6 Nhg5 27. Nd3
Nh7 28. Nf4 Nhf8 29. Nd5 Rd7 30. Ne7+ Kh8 31. Qh2+ Nh7 32. Qb8+ Nhf8 33. Qe8 1-0

[Event "London Classic Open 2015"]
[Site "London ENG"]
[Date "2015.12.06"]
[Round "4.17"]
[White "Westerberg, Jonathan"]
[Black "Tania, Sachdev"]
[Result "1/2-1/2"]
[WhiteTitle "IM"]
[BlackTitle "IM"]
[WhiteElo "2497"]
[BlackElo "2357"]
[WhiteFideId "1701754"]
[BlackFideId "5007844"]
[EventDate "2015.12.04"]

1. c4 e5 2. Nf3 Nc6 3. d4 exd4 4. Nxd4 Bb4+ 5. Bd2 Bxd2+ 6. Qxd2 Nxd4 7. Qxd4
Qf6 8. Qd2 Ne7 9. Nc3 O-O 10. g3 Qc6 11. Nd5 Nxd5 12. cxd5 Qb6 13. Bg2 d6 14.
O-O Bd7 15. Rfc1 c5 16. dxc6 Bxc6 17. Bxc6 bxc6 18. Qxd6 Qxb2 19. e3 Rac8 20. a4
c5 21. Rab1 Qa3 22. Rc4 g6 23. Kg2 Rfd8 24. Qf4 Qd3 25. Rbc1 Rd5 26. g4 Qe2 27.
Qf6 Rd1 28. Rxd1 Qxc4 29. Rd8+ Rxd8 30. Qxd8+ Kg7 31. g5 Qe4+ 32. Kf1 Qxa4 33.
Qf6+ Kg8 34. Qd8+ Kg7 35. Qf6+ Kg8 36. Qd8+ Kg7 1/2-1/2

[Event "London Classic Open 2015"]
[Site "London ENG"]
[Date "2015.12.06"]
[Round "4.18"]
[White "Fodor, Tamas Jr."]
[Black "Lokander, Martin"]
[Result "1-0"]
[WhiteTitle "GM"]
[BlackTitle "FM"]
[WhiteElo "2492"]
[BlackElo "2367"]
[WhiteFideId "723762"]
[BlackFideId "1709569"]
[EventDate "2015.12.04"]

1. d4 Nf6 2. Bg5 d5 3. e3 c5 4. Nc3 Nc6 5. Bxf6 gxf6 6. Qh5 e6 7. O-O-O Bd7 8.
Nge2 b5 9. dxc5 b4 10. Nxd5 exd5 11. Nf4 Qa5 12. Rxd5 b3 13. Rxd7 Ne5 14. a4
Nxd7 15. Bb5 O-O-O 16. Rd1 Ne5 17. Qf5+ Kb8 18. Qxf6 Bg7 19. Qxg7 Rxd1+ 20. Kxd1
Rd8+ 21. Nd3 bxc2+ 22. Kxc2 Nxd3 23. Bxd3 Qxa4+ 24. Kd2 Qe4 25. Qc3 Qxg2 26.
Qe5+ Kc8 27. Qf5+ Rd7 28. Ke2 Kd8 29. Qf6+ Kc7 30. Qf4+ Kd8 31. Bb5 Qg7 32. Bxd7
Kxd7 33. Qd4+ 1-0

[Event "London Classic Open 2015"]
[Site "London ENG"]
[Date "2015.12.06"]
[Round "4.19"]
[White "Osborne, Marcus E"]
[Black "Kjartansson, Gudmundur"]
[Result "1-0"]
[BlackTitle "IM"]
[WhiteElo "2180"]
[BlackElo "2477"]
[WhiteFideId "404608"]
[BlackFideId "2301318"]
[EventDate "2015.12.04"]

1. d4 d6 2. Nf3 g6 3. c4 Bg7 4. Nc3 Nf6 5. g3 O-O 6. Bg2 Nc6 7. O-O Bg4 8. Be3
Nd7 9. d5 Bxf3 10. exf3 Na5 11. Bd4 Bh6 12. Qe2 c5 13. Be3 Bg7 14. Ne4 a6 15.
Bd2 Rb8 16. Rab1 b5 17. b3 bxc4 18. bxc4 Qc7 19. f4 Rfe8 20. Bh3 Nf6 21. Ng5 h6
22. Nxf7 Rxb1 23. Rxb1 Rf8 24. Be6 Kh7 25. h4 Nb7 26. f5 1-0

[Event "London Classic Open 2015"]
[Site "London ENG"]
[Date "2015.12.06"]
[Round "4.20"]
[White "Georgescu, Tiberiu-Marian"]
[Black "Karthik, V. AP"]
[Result "1/2-1/2"]
[WhiteTitle "GM"]
[WhiteElo "2453"]
[BlackElo "2310"]
[WhiteFideId "1213300"]
[BlackFideId "25006479"]
[EventDate "2015.12.04"]

1. d4 Nf6 2. c4 e6 3. Nf3 Bb4+ 4. Nbd2 b6 5. a3 Bxd2+ 6. Qxd2 Bb7 7. g3 d6 8.
Bg2 Nbd7 9. O-O O-O 10. b4 Qe7 11. Bb2 Ne4 12. Qc2 f5 13. d5 exd5 14. cxd5 Bxd5
15. Rad1 Qf7 16. Nd4 Rac8 17. f3 Nef6 18. Qxf5 Bc4 19. Qg5 Rfe8 20. Rfe1 d5 21.
Bh3 h6 22. Qf4 Kh7 23. Bf5+ Kg8 24. b5 a6 25. a4 Ra8 26. Qxc7 Nc5 27. Qxf7+ Kxf7
28. Ra1 axb5 29. Nxb5 Rxe2 30. Nd6+ Kf8 31. Rxe2 Bxe2 32. Re1 Bxf3 33. a5 Rxa5
34. Bxf6 gxf6 35. Re8+ Kg7 36. Re7+ Kf8 37. Re8+ Kg7 38. Re7+ Kf8 39. Rf7+ Kg8
40. Rxf6 h5 41. Bg6 Ra1+ 42. Kf2 Ne4+ 43. Nxe4 Bxe4 44. Bxe4 dxe4 45. Rh6 Ra2+ 1/2-1/2

[Event "London Classic Open 2015"]
[Site "London ENG"]
[Date "2015.12.06"]
[Round "4.21"]
[White "Gharamian, Tigran"]
[Black "Cordes, Hans-Joerg"]
[Result "1/2-1/2"]
[WhiteTitle "GM"]
[BlackTitle "FM"]
[WhiteElo "2654"]
[BlackElo "2250"]
[WhiteFideId "13301527"]
[BlackFideId "4602234"]
[EventDate "2015.12.04"]

1. e4 e6 2. d4 d5 3. Nd2 Be7 4. e5 Nh6 5. Ndf3 f6 6. Bxh6 gxh6 7. Qd2 O-O 8.
Qxh6 c5 9. Bd3 Rf7 10. exf6 Bxf6 11. c3 Nc6 12. Ne2 e5 13. dxe5 Nxe5 14. Nxe5
Bxe5 15. O-O Qf6 16. Qxf6 Bxf6 17. Rad1 Bd7 18. b3 b5 19. c4 dxc4 20. bxc4 b4
21. Nc1 Ba4 22. Nb3 Re8 23. Rfe1 Rfe7 24. Kf1 Bc3 25. Rxe7 Rxe7 26. Be2 a5 27.
Rd3 Bc6 28. Rg3+ Kf8 29. Nxa5 Be4 30. Nb3 Bb1 31. a4 Ba2 32. Nxc5 Bxc4 33. Re3
Bd5 34. Bd3 h6 35. g3 Rxe3 36. fxe3 b3 37. Bb1 Ke7 38. Ke2 Bc4+ 39. Kf3 Bb4 40.
Nd3 Bc3 41. Ke4 Bg8 42. Kf4 Bd5 43. Kf5 Bf3 44. Kg6 h5 45. Nc1 Bd1 46. Nd3 Kd6
47. e4 Bf3 48. Kf5 Bg4+ 49. Kg5 Bd2+ 50. Kf6 Bc3+ 51. Kg5 Bd2+ 52. Kg6 Bf3 53.
e5+ Kd5 54. e6 Kxe6 55. Nc5+ Ke5 56. Nxb3 Be3 57. Bc2 Bg1 58. Nd2 Be2 59. h3 Bf2
60. Ne4 Be1 61. Kg5 Bf3 62. Nf6 Bxg3 63. a5 h4 64. a6 Bf4+ 65. Kg6 Be3 66. Ng4+
Bxg4 67. hxg4 h3 68. Ba4 Kd6 69. Bd1 Kc7 70. Bf3 Kb6 71. g5 Kxa6 72. Kh5 Bxg5 1/2-1/2

[Event "London Classic Open 2015"]
[Site "London ENG"]
[Date "2015.12.06"]
[Round "4.22"]
[White "Ronka, Erik"]
[Black "Edouard, Romain"]
[Result "0-1"]
[BlackTitle "GM"]
[WhiteElo "2248"]
[BlackElo "2627"]
[WhiteFideId "505080"]
[BlackFideId "633429"]
[EventDate "2015.12.04"]

1. d4 e6 2. c4 Nf6 3. Nc3 Bb4 4. Qc2 O-O 5. a3 Bxc3+ 6. Qxc3 d6 7. f3 e5 8. dxe5
dxe5 9. Qxe5 Nc6 10. Qc3 Re8 11. Bg5 Ne5 12. e3 Bf5 13. Be2 h6 14. Bf4 Ng6 15.
Bg3 b5 16. e4 Bxe4 17. fxe4 Nxe4 18. Qc2 Nh4 19. Bxh4 Qxh4+ 20. g3 Nxg3 21. hxg3
Qxh1 22. O-O-O Rad8 23. Rf1 Qg2 24. cxb5 Qxf1+ 0-1

[Event "London Classic Open 2015"]
[Site "London ENG"]
[Date "2015.12.06"]
[Round "4.23"]
[White "Grigoriants, Sergey"]
[Black "Stigar, Petter"]
[Result "1/2-1/2"]
[WhiteTitle "GM"]
[BlackTitle "FM"]
[WhiteElo "2603"]
[BlackElo "2233"]
[WhiteFideId "4130804"]
[BlackFideId "1500341"]
[EventDate "2015.12.04"]

1. e4 e5 2. Nf3 Nf6 3. Nxe5 d6 4. Nf3 Nxe4 5. Nc3 Nxc3 6. dxc3 Be7 7. Be3 Nd7 8.
Qd2 O-O 9. O-O-O Ne5 10. Kb1 c6 11. Bf4 Qa5 12. Nd4 c5 13. Nb3 Qc7 14. Qe3 b6
15. Re1 Bb7 16. h4 Rfe8 17. Bb5 Bc6 18. Bxc6 Qxc6 19. Qg3 Ng6 20. Bg5 1/2-1/2

[Event "London Classic Open 2015"]
[Site "London ENG"]
[Date "2015.12.06"]
[Round "4.24"]
[White "Bukojemski, Adam"]
[Black "Jumabayev, Rinat"]
[Result "0-1"]
[BlackTitle "GM"]
[WhiteElo "2243"]
[BlackElo "2599"]
[WhiteFideId "1114620"]
[BlackFideId "13702661"]
[EventDate "2015.12.04"]

1. c4 c5 2. g3 Nf6 3. Nc3 d5 4. cxd5 Nxd5 5. Bg2 Nc7 6. Nf3 Nc6 7. d3 e5 8. Nd2
Bd7 9. a4 Be7 10. Nc4 Na6 11. O-O Nab4 12. b3 O-O 13. Ba3 Be6 14. Rc1 Rc8 15. h4
h6 16. Nb1 Nd5 17. Bb2 Qc7 18. e3 Rcd8 19. Qe2 Rfe8 20. Rfd1 Bf8 21. Ba1 Ndb4
22. Rd2 Qc8 23. Nc3 Bg4 24. Qf1 Qb8 25. Na2 Na6 26. Nc3 Rd7 27. Be4 Nab4 28. Na2
Nd5 29. Nc3 Nf6 30. f3 Be6 31. g4 Nxe4 32. Nxe4 f5 33. gxf5 Bxf5 34. Qg2 Qd8 35.
Qg3 Re6 36. h5 Qe8 37. Qh2 Bh7 38. Kf2 Rf7 39. Ke2 Rf5 40. Rh1 Qf7 41. Qh3 b6
42. Rdd1 Nb4 43. Bc3 Nd5 44. Bd2 a6 45. a5 b5 46. Nb2 Nf6 47. Rc1 Rc6 48. b4 c4
49. Qg2 cxd3+ 50. Nxd3 Rxc1 51. Bxc1 Qc4 52. Rh4 Nxe4 53. Rxe4 Rg5 0-1

[Event "London Classic Open 2015"]
[Site "London ENG"]
[Date "2015.12.06"]
[Round "4.25"]
[White "Prosviriakov, Vladimir"]
[Black "Gledura, Benjamin"]
[Result "0-1"]
[WhiteTitle "IM"]
[BlackTitle "IM"]
[WhiteElo "2232"]
[BlackElo "2513"]
[WhiteFideId "2004860"]
[BlackFideId "712779"]
[EventDate "2015.12.04"]

1. e4 e5 2. Nf3 Nc6 3. Bb5 a6 4. Ba4 Nf6 5. Qe2 d6 6. c3 b5 7. Bc2 Be7 8. d4
exd4 9. Nxd4 Bd7 10. O-O O-O 11. a4 Re8 12. Bg5 g6 13. Nd2 Nh5 14. Be3 Nxd4 15.
cxd4 c5 16. f4 Nf6 17. h3 Bf8 18. Qf3 cxd4 19. Bxd4 Bg7 20. Qf2 bxa4 21. e5 Nd5
22. Nc4 dxe5 23. fxe5 Rf8 24. Bc5 Bb5 25. Bxf8 Qxf8 26. Bd3 Rc8 27. Qd4 Qc5 28.
Qxc5 Rxc5 29. Rac1 Bh6 30. Rc2 Nb4 31. Re2 Nxd3 32. Nd6 Nf4 0-1

[Event "London Classic Open 2015"]
[Site "London ENG"]
[Date "2015.12.06"]
[Round "4.26"]
[White "Lercel, Michal"]
[Black "Blomqvist, Erik"]
[Result "0-1"]
[BlackTitle "GM"]
[WhiteElo "2228"]
[BlackElo "2493"]
[WhiteFideId "1114700"]
[BlackFideId "1709437"]
[EventDate "2015.12.04"]

1. Nf3 d5 2. c4 e6 3. g3 g6 4. d3 Bg7 5. Bg5 Ne7 6. Nc3 Nbc6 7. cxd5 exd5 8. Qd2
h6 9. Bxe7 Nxe7 10. Bg2 O-O 11. O-O Be6 12. d4 Nf5 13. Rac1 Qe7 14. Na4 b6 15.
b3 Rac8 16. Rc2 c5 17. dxc5 bxc5 18. Rfc1 c4 19. bxc4 dxc4 20. e4 Rfd8 21. Qe2
Nd6 22. Nc3 Re8 23. a4 Nb7 24. Nd2 Nc5 25. Rb1 Red8 26. Nxc4 Nd3 0-1

[Event "London Classic Open 2015"]
[Site "London ENG"]
[Date "2015.12.06"]
[Round "4.27"]
[White "Summerscale, Aaron P"]
[Black "Barj, Julien"]
[Result "0-1"]
[WhiteTitle "GM"]
[WhiteElo "2418"]
[BlackElo "2207"]
[WhiteFideId "400980"]
[BlackFideId "629200"]
[EventDate "2015.12.04"]

1. Nf3 Nf6 2. c4 e6 3. b3 b6 4. g3 Bb7 5. Bg2 Be7 6. O-O O-O 7. Bb2 c5 8. e3 d5
9. Nc3 dxc4 10. bxc4 Qc8 11. Qe2 Nc6 12. Rfd1 Nd7 13. Rac1 Na5 14. d3 Rd8 15.
Ne4 Qc7 16. h4 Bxe4 17. dxe4 Rac8 18. Bc3 Bf6 19. Bxa5 bxa5 20. Ne1 Rb8 21. f4
a4 22. e5 Be7 23. Be4 Nxe5 24. fxe5 Qxe5 25. Qf3 Rxd1 26. Rxd1 Qc3 27. Bd3 g6
28. h5 Rb2 29. hxg6 hxg6 30. Ng2 Rxa2 31. Bxg6 fxg6 32. Rf1 Qg7 33. Qc6 Ra1 34.
Ne1 a3 35. Qe8+ Bf8 36. Qxe6+ Kh8 37. Kg2 Qh6 38. Qe5+ Bg7 39. Qb8+ Kh7 40. Qb3
a2 41. Qa3 Rb1 42. Qxa2 Rb2+ 43. Qxb2 Bxb2 44. Rh1 Qxh1+ 45. Kxh1 a5 46. Nd3 a4
47. Nxc5 a3 48. Nb3 a2 49. Kg2 Kg7 50. Kf3 a1=Q 51. Nxa1 Bxa1 52. Ke4 Kf6 53.
Kd5 Be5 54. g4 Bb8 55. e4 g5 56. c5 Bg3 57. Kd4 Ke6 58. Kd3 Bc7 59. Kd4 Bb8 60.
c6 Bd6 61. Kc4 Ke5 62. Kd3 Bc7 63. Ke3 Bb6+ 64. Kd3 Kd6 0-1

[Event "London Classic Open 2015"]
[Site "London ENG"]
[Date "2015.12.06"]
[Round "4.28"]
[White "Kugler, Florian"]
[Black "D'Costa, Lorin A R"]
[Result "1/2-1/2"]
[BlackTitle "IM"]
[WhiteElo "2213"]
[BlackElo "2418"]
[WhiteFideId "4633300"]
[BlackFideId "409219"]
[EventDate "2015.12.04"]

1. c4 e5 2. Nc3 Nc6 3. g3 Bc5 4. Bg2 d6 5. a3 a6 6. e3 Ba7 7. Nge2 h5 8. d4 h4
9. d5 Nce7 10. e4 Ng6 11. Qd3 Nh6 12. h3 Bd7 13. Be3 Bxe3 14. Qxe3 hxg3 15. fxg3
Qe7 16. a4 a5 17. Nb5 Bc8 18. Rd1 b6 19. b3 f6 20. Rd2 O-O 21. O-O Nf7 22. Kh1
Nd8 23. Ng1 Nb7 24. Bf3 Nc5 25. Bh5 Nh8 26. Rdf2 Na6 27. Bd1 Bd7 28. h4 Rf7 29.
h5 Raf8 30. Rh2 f5 31. h6 gxh6 32. Qxh6 Qf6 33. Qh5 Qg7 34. Bc2 fxe4 35. Bxe4
Nc5 36. Bb1 Bxb5 37. axb5 e4 38. Re1 Rf5 39. Qh4 Ng6 40. Qg4 Re5 41. Bxe4 Nxe4
42. Rxe4 Rxe4 43. Qxe4 Ne5 44. Rh5 Rf1 45. Kg2 Qf7 46. Rg5+ Kf8 47. Nh3 Nf3 48.
Rf5 Nh4+ 49. Kxf1 Qxf5+ 50. Qxf5+ Nxf5 51. Nf4 Nxg3+ 52. Ke1 Ke7 53. Ne6 Kd7 1/2-1/2

[Event "London Classic Open 2015"]
[Site "London ENG"]
[Date "2015.12.06"]
[Round "4.29"]
[White "Koop, Thorben"]
[Black "Foo, Zhi Rong Benjamin"]
[Result "1/2-1/2"]
[WhiteTitle "FM"]
[WhiteElo "2418"]
[BlackElo "2183"]
[WhiteFideId "24661619"]
[BlackFideId "5801664"]
[EventDate "2015.12.04"]

1. Nf3 Nf6 2. g3 c5 3. Bg2 d5 4. O-O g6 5. d4 cxd4 6. Nxd4 Bg7 7. c3 O-O 8. Nd2
e5 9. Nc2 Nc6 10. Nb3 h6 11. Ne3 Ne7 12. Qd3 a5 13. a4 Qb6 14. Qb5 Qxb5 15. axb5
Bd7 16. Rxa5 Rxa5 17. Nxa5 Bxb5 18. c4 dxc4 19. Bxb7 Rb8 20. Nd1 Ne8 21. Nc3 Nd6
22. Bg2 Ba6 23. Rd1 Nb5 24. Nxb5 Bxb5 25. e3 Rc8 26. Bd2 Rd8 27. Nb7 Rd7 28. Nc5
Rd8 29. Nb7 Rd7 30. Nc5 Rd8 31. Nb7 Rd7 32. Nc5 1/2-1/2

[Event "London Classic Open 2015"]
[Site "London ENG"]
[Date "2015.12.06"]
[Round "4.30"]
[White "Guthrie, David"]
[Black "McDonald, Neil"]
[Result "1/2-1/2"]
[BlackTitle "GM"]
[WhiteElo "2198"]
[BlackElo "2417"]
[WhiteFideId "4300505"]
[BlackFideId "400629"]
[EventDate "2015.12.04"]

1. d4 f5 2. Nf3 Nf6 3. g3 g6 4. Bg2 Bg7 5. O-O O-O 6. b3 d6 7. Bb2 c6 8. Nbd2 a5
9. c4 Na6 10. Qc2 Rb8 11. a3 Kh8 12. Rfe1 d5 13. Ne5 Be6 14. e3 Bg8 15. c5 Nc7
16. f4 Ne4 17. Ndf3 Ne8 18. Bc3 N8f6 19. b4 Nxc3 20. Qxc3 Ne4 21. Qb2 1/2-1/2

[Event "London Classic Open 2015"]
[Site "London ENG"]
[Date "2015.12.06"]
[Round "4.31"]
[White "Coleman, David J"]
[Black "Houska, Jovanka"]
[Result "1/2-1/2"]
[WhiteTitle "CM"]
[BlackTitle "IM"]
[WhiteElo "2176"]
[BlackElo "2409"]
[WhiteFideId "402087"]
[BlackFideId "405094"]
[EventDate "2015.12.04"]

1. e4 c6 2. d4 d5 3. exd5 cxd5 4. c4 Nf6 5. Nc3 Nc6 6. Bg5 Be6 7. Be2 Qa5 8. Nf3
Ne4 9. O-O Nxc3 10. bxc3 dxc4 11. Rb1 g6 12. Rxb7 Bg7 13. Qd2 f6 14. Bf4 O-O 15.
Rfb1 Bf7 16. Bc7 Qf5 17. Bg3 e5 18. Qd1 exd4 19. Nxd4 Nxd4 20. Qxd4 Rfd8 21. Qf4
Qxf4 22. Bxf4 f5 23. h4 Bd5 24. Rc7 Rac8 25. Rd1 Rxc7 26. Bxc7 Rc8 27. Rxd5 Rxc7
28. Ra5 Bxc3 29. Ra4 Rb7 30. Bxc4+ Kg7 31. Bb3 Re7 32. g3 h6 33. Kg2 Rd7 34. Rc4
Ba5 35. Rc2 Bb6 36. h5 gxh5 37. Be6 Rd4 38. Bxf5 h4 39. gxh4 Rxh4 40. f3 Rd4 41.
Be4 Rd1 42. Kg3 Kf6 43. Kf4 Rd6 44. Rc6 1/2-1/2